| 000 | 00724cam a2200193 a 4500 | ||
|---|---|---|---|
| 020 | _a0030628636 | ||
| 020 | _a9780030628634 | ||
| 040 | _cDLC | ||
| 082 | 0 | 0 | _a630 IIR 1999 C111 Or. |
| 245 | 0 | 0 |
_aEnvironmentally sound agriculture : _bselected papers from the Fourth International Conference of the International Federation of Organic Agriculture Movements, Cambridge, Massachusetts, August 18 to 20, 1982 / |
| 300 |
_axii, 426 pages : _billustrations ; _c25 cm |
||
| 650 | 0 | _aAgricultural conservation | |
| 650 | 0 | _aAgricultural ecology | |
| 650 | 0 | _aAgriculture | |
| 650 | 0 | _aOrganic farming | |
| 700 | 1 | _aLockeretz, William | |
| 710 | 2 | _aInternational Federation of Organic Agriculture Movements. | |
| 942 | _cAEDBB | ||
| 999 |
_c20889 _d20889 |
||